Young radical nationalists: prisoners of their own myth? the case of the Kale Borraka in the spanish basque country /
Guardado en:
| Hovedforfatter: | |
|---|---|
| Format: | Texto |
| Tags: |
Tilføj Tag
Ingen Tags, Vær først til at tagge denne postø!
|
MARC
| LEADER | 00000 a a2200000 04500 | ||
|---|---|---|---|
| 001 | 47241 | ||
| 003 | |||
| 040 | |||
| 100 | |a Ferret, Jérôme | ||
| 245 | |a Young radical nationalists: |b prisoners of their own myth? the case of the Kale Borraka in the spanish basque country / |c Jérôme Ferret | ||
| 773 | |g volumen62, número7, (2014), páginas 1017-1035 | ||
| 999 | |c 40017 |d 40017 | ||
